| 000 | 02202nac a22003371u 4500 | ||
|---|---|---|---|
| 010 | _a 2006018889 | ||
| 020 | _a0073210560 (alk. paper) | ||
| 020 | _a9780073210568 (alk. paper) | ||
| 035 | _a(OCoLC)ocm70129081 | ||
| 035 | _a(OCoLC)70129081 | ||
| 082 | 0 | 0 |
_a658.421 _bHIS |
| 090 |
_c8896 _d8896 |
||
| 100 | _aHisrich, Robert D. | ||
| 245 | 1 | 0 |
_aEntrepreneurship / _cRobert D. Hisrich, Michael P. Peters, Dean A. Shepherd. |
| 250 |
_a7th ed. _bMacGraw-Hill International ed. |
||
| 260 |
_aBoston : _bMcGraw-Hill/Irwin, _cc2008. |
||
| 300 |
_axviii, 648 p. : _bill. ; _c27 cm. |
||
| 504 | _aIncludes bibliographical references and index. | ||
| 505 | 0 | _aThe entrepreneurial perspective -- The nature and importance of entrepreneurs -- The entrepreneur and intrapreneurial mind -- The individual entrepreneur -- International entrepreneurship opportunities -- Creating and starting the venture -- Creativity and the business idea -- Legal issues for the entrepreneur -- The business plan: creating and starting the venture -- The marketing plan -- The organizational plan -- The financial plan -- Financing the new venture -- Sources of capital -- Informal risk capital and venture capital -- Managing, growing, and ending the new venture -- Entrepreneurial strategy: Generating and exploiting new entries -- Strategies for growth and managing the implications of growth -- Accessing resources for growth from external sources -- Going public -- Ending the venture. | |
| 650 | 0 | _aNew business enterprises. | |
| 650 | 0 | _aEntrepreneurship. | |
| 650 | 0 | _aBusiness planning. | |
| 650 | 0 |
_aBusiness enterprises _xFinance. |
|
| 650 | 0 | _aSuccess in business. | |
| 700 | 1 | _aPeters, Michael P. | |
| 700 | 1 | _aShepherd, Dean A. | |
| 856 | 4 | 1 |
_3Table of contents only _uhttp://www.loc.gov/catdir/toc/ecip0615/2006018889.html |
| 856 | 4 | 1 |
_3Publisher description _uhttp://www.loc.gov/catdir/enhancements/fy0662/2006018889-d.html |
| 856 | 4 | 1 |
_3Contributor biographical information _uhttp://www.loc.gov/catdir/enhancements/fy0737/2006018889-b.html |
| 942 |
_cBB _k658.421HIS |
||
| 999 |
_c8896 _d8896 |
||